000 00400nam a22001697a 4500
005 20160622095239.0
008 160622b xxu||||| |||| 00| 0 eng d
020 _a81-7544-044-9
041 _aeng
082 _b8856
100 _aHarrison Tony
_92435
245 _aThe product manager's Handbook
260 _bWheelar Publicing
_c1997
300 _a195
650 _aManagement
_9241
942 _cBK
999 _c3453
_d3452